Synthesis of hydroxyapatite from fish bone (Scomber scombrus) using thermal decomposition method /
Saved in:
| 主要作者: | |
|---|---|
| 格式: | Thesis 圖書 |
| 語言: | English |
| 出版: |
2018.
|
| 主題: | |
| 在線閱讀: | http://studentsrepo.um.edu.my/id/eprint/10032 |
| 標簽: |
添加標簽
沒有標簽, 成為第一個標記此記錄!
|
| LEADER | 01524cam a2200373 i 4500 | ||
|---|---|---|---|
| 001 | u1114705 | ||
| 003 | SIRSI | ||
| 005 | 201905101005 | ||
| 008 | 190510s2018 my a m 000 0 eng | ||
| 040 | |a UMM |d UMJ |e rda | ||
| 090 | |a TJ7 |b UM 2018 Sug | ||
| 097 | |a TJ7 |b UM 2018 Sug | ||
| 100 | 0 | |a Suguna Jeganathan, |e author. | |
| 245 | 1 | 0 | |a Synthesis of hydroxyapatite from fish bone (Scomber scombrus) using thermal decomposition method / |c Suguna Jeganathan. |
| 264 | 1 | |c 2018. | |
| 300 | |a xi, 56 leaves : |b illustrations (some colours) ; |c 30 cm | ||
| 336 | |a text |2 rdacontent | ||
| 337 | |a unmediated |2 rdamedia | ||
| 337 | |a computer |2 rdamedia | ||
| 338 | |a volume |2 rdacarrier | ||
| 338 | |a computer disc |2 rdacarrier | ||
| 502 | |b M.Eng. |c Jabatan Kejuruteraan Mekanik, Fakulti Kejuruteraan, Universiti Malaya |d 2018. | ||
| 504 | |a Bibliography: leaves 50-56. | ||
| 530 | |a Also issued in CD. | ||
| 650 | 0 | |a Hydroxyapatite. | |
| 650 | 0 | |a Thermal conductivity. | |
| 650 | 0 | |a Decomposition method. | |
| 710 | 2 | |a Universiti Malaya. |b Jabatan Kejuruteraan Mekanik, |e degree granting institution. | |
| 856 | 4 | 1 | |u http://studentsrepo.um.edu.my/id/eprint/10032 |
| 596 | |a 1 7 | ||
| 900 | |a NSM AMA | ||
| 999 | |a TJ7 UM 2018 SUG |w LC |c 1 |i A517375505 |f 29/5/2019 |g 1 |l STACKS |m P01UTAMA |r Y |s Y |t TESIS |u 29/5/2019 |1 STEM | ||
| 999 | |a TJ7 UM 2018 SUG |w LC |c 1 |i A517447326 |f 4/6/2020 |g 1 |l STACKS |m P07JURUTER |r N |s Y |t TESIS |u 4/6/2020 |1 STEM | ||
| 999 | |a TJ7 UM 2018 SUG |w LC |c 2 |i A517446952 |f 4/6/2020 |g 1 |l COUNTER |m P07JURUTER |r N |s Y |t CD |u 4/6/2020 |1 STEM | ||
